[Event "COL-ch sf"]
[Site "Pereira"]
[Date "2024.03.30"]
[Round "8"]
[White "Cifuentes, John Jairo"]
[Black "Valderrama Quiceno, Esteban Alberto"]
[Result "0-1"]
[WhiteElo "2118"]
[BlackElo "2428"]
[PlyCount "72"]
[EventDate "2024.03.26"]
[EventType "swiss"]
[EventRounds "11"]
[EventCountry "COL"]
[SourceTitle "CB14_2024"]
[SourceDate "2024.04.01"]
[SourceVersion "1"]
[SourceVersionDate "2024.04.01"]
[SourceQuality "1"]

1. e4 d6 2. Nf3 Nf6 3. Nc3 g6 4. d4 c6 5. a4 Bg7 6. Bc4 0-0 7. Qe2 d5 8. Bb3 Bg4 9. e5 Nfd7 10. h3 Bxf3 11. Qxf3 e6 12. Ne2 c5 13. c3 Nc6 14. Qe3 Qb6 15. Ba2 cxd4 16. cxd4 Qb4+ 17. Bd2 Qxa4 18. 0-0 Qb5 19. Bb3 Rfc8 20. Ba4 Qb6 21. Ra3 Qd8 22. Rfa1 a6 23. b4 Nb6 24. Bxc6 Rxc6 25. b5 axb5 26. Rxa8 Nxa8 27. Qb3 Nc7 28. Kh2 Bf8 29. Ba5 Qa8 30. Ra2 Qe8 31. Nc3 b4 32. Na4 Nb5 33. Rd2 Rc4 34. Bb6 Qc6 35. Bc5 Bxc5 36. Nxc5 Nxd4 0-1

[Event "COL-ch sf"]
[Site "Pereira"]
[Date "2024.03.29"]
[Round "6"]
[White "Cifuentes, John Jairo"]
[Black "Ruiz Agudelo, Jeronimo"]
[Result "1-0"]
[WhiteElo "2118"]
[BlackElo "1875"]
[PlyCount "105"]
[EventDate "2024.03.26"]
[EventType "swiss"]
[EventRounds "11"]
[EventCountry "COL"]
[SourceTitle "CB14_2024"]
[SourceDate "2024.04.01"]
[SourceVersion "1"]
[SourceVersionDate "2024.04.01"]
[SourceQuality "1"]

1. e4 c5 2. Nf3 d6 3. Bb5+ Nd7 4. 0-0 a6 5. Bc4 Ngf6 6. Re1 b5 7. Bd5 Nxd5 8. exd5 Nf6 9. c4 bxc4 10. Nc3 g6 11. Qa4+ Bd7 12. Qxc4 Bg7 13. d4 cxd4 14. Nxd4 0-0 15. Bd2 Ng4 16. Nc6 Bxc6 17. Qxg4 Bd7 18. Qh4 Rb8 19. b3 Bf6 20. Qg3 Be5 21. Qd3 Qb6 22. Rac1 Bf5 23. Qe2 Rfc8 24. g4 Bd7 25. h3 f5 26. Kg2 Qb4 27. Nd1 Qd4 28. Ne3 Bb5 29. Qd1 f4 30. Nc2 Qxd5+ 31. f3 a5 32. Na3 Ba6 33. Nb1 Rxc1 34. Bxc1 Qxd1 35. Rxd1 Rc8 36. Na3 Kf7 37. Bd2 Bb2 38. Nc4 Bxc4 39. bxc4 Rxc4 40. Bxa5 Rc2+ 41. Rd2 Rxd2+ 42. Bxd2 g5 43. Kf1 Ke6 44. Ke2 Kd5 45. Kd3 Kc6 46. Bb4 Bf6 47. a4 d5 48. Kd2 e5 49. Kd3 Kd7 50. Bc3 Be7 51. a5 Bc5 52. a6 Kd6 53. Bb4 1-0

[Event "COL-ch sf"]
[Site "Pereira"]
[Date "2024.03.29"]
[Round "7"]
[White "Gallego, Julian Andres"]
[Black "Cifuentes, John Jairo"]
[Result "0-1"]
[WhiteElo "2217"]
[BlackElo "2118"]
[PlyCount "138"]
[EventDate "2024.03.26"]
[EventType "swiss"]
[EventRounds "11"]
[EventCountry "COL"]
[SourceTitle "CB14_2024"]
[SourceDate "2024.04.01"]
[SourceVersion "1"]
[SourceVersionDate "2024.04.01"]
[SourceQuality "1"]

1. d4 d5 2. c4 e6 3. Nf3 Nf6 4. Nc3 c6 5. Bg5 h6 6. Bh4 dxc4 7. e3 b5 8. Be2 Nbd7 9. a4 Bb4 10. 0-0 Qb6 11. Ne5 Nxe5 12. dxe5 Bxc3 13. exf6 Bxf6 14. Bxf6 gxf6 15. Qd6 Bb7 16. Rfd1 Rd8 17. Qf4 Ke7 18. a5 Rxd1+ 19. Rxd1 e5 20. Rd7+ Kxd7 21. Qxf6 Qxa5 22. Qxh8 Qa1+ 23. Bf1 Qxb2 24. Qb8 Bc8 25. Bxc4 Qc1+ 26. Bf1 Qa1 27. g3 f6 28. Kg2 Qa6 29. Bd3 Ke7 30. Qc7+ Bd7 31. Bf5 Qc8 32. Qxa7 Kd6 33. Qa3+ c5 34. Qd3+ Ke7 35. Bxd7 Qxd7 36. Qh7+ Ke6 37. Qg8+ Kd6 38. Qf8+ Kc7 39. h4 Qc6+ 40. Kh2 c4 41. Qxh6 c3 42. Qh7+ Kb6 43. Qc2 b4 44. h5 Qf3 45. h6 Qh5+ 46. Kg2 Qxh6 47. f4 Qf8 48. fxe5 fxe5 49. g4 Qc5 50. Kf3 Qd5+ 51. Kf2 e4 52. g5 Qf5+ 53. Ke1 Qf3 54. Qh2 Qxe3+ 55. Kd1 Qxg5 56. Qb8+ Kc5 57. Qa7+ Kc4 58. Qa2+ Kb5 59. Qe2+ Kc5 60. Qf2+ e3 61. Qf8+ Kc4 62. Qc8+ Kb3 63. Qe6+ Kb2 64. Ke2 Qf4 65. Kd3 Qf2 66. Kc4 Qd2 67. Kxb4 c2+ 68. Ka4 Qd4+ 69. Ka5 c1Q 0-1

[Event "COL-ch sf"]
[Site "Pereira"]
[Date "2024.03.27"]
[Round "3"]
[White "Gonzalez Mojica, Renan Arturo"]
[Black "Cifuentes, John Jairo"]
[Result "0-1"]
[WhiteElo "1988"]
[BlackElo "2118"]
[PlyCount "56"]
[EventDate "2024.03.26"]
[EventType "swiss"]
[EventRounds "11"]
[EventCountry "COL"]
[SourceTitle "CB14_2024"]
[SourceDate "2024.04.01"]
[SourceVersion "1"]
[SourceVersionDate "2024.04.01"]
[SourceQuality "1"]

1. d4 d5 2. c4 e6 3. Nc3 Nf6 4. Nf3 Be7 5. Bf4 0-0 6. e3 Nh5 7. Be5 Nc6 8. Bd3 dxc4 9. Bxc4 Nxe5 10. Nxe5 Nf6 11. 0-0 c5 12. dxc5 Qc7 13. Nd3 Bxc5 14. Nxc5 Qxc5 15. Bd3 e5 16. Ne4 Nxe4 17. Bxe4 Be6 18. Rc1 Qb4 19. Qd3 g6 20. a3 Qxb2 21. Rb1 Qa2 22. Rxb7 Bc4 23. Qb1 Qxa3 24. Rc1 Rac8 25. g3 Ba2 26. Rxc8 Bxb1 27. Rxf8+ Kxf8 28. Rxb1 f5 0-1

[Event "Carlos Torre Memorial op 33rd"]
[Site "Merida"]
[Date "2023.12.16"]
[Round "3"]
[White "Forgas Moreno, Yaniela"]
[Black "Cifuentes, John Jairo"]
[Result "1-0"]
[WhiteElo "2260"]
[BlackElo "2128"]
[PlyCount "81"]
[EventDate "2023.12.15"]
[EventType "swiss"]
[EventRounds "9"]
[EventCountry "MEX"]
[SourceTitle "CB52_2023"]
[SourceDate "2023.12.27"]
[SourceVersion "1"]
[SourceVersionDate "2023.12.27"]
[SourceQuality "1"]

1. e4 c5 2. Nc3 d6 3. g3 Nc6 4. Bg2 g6 5. d3 Bg7 6. Be3 e6 7. Qd2 Nd4 8. Nd1 e5 9. c3 Nc6 10. f4 Nf6 11. Nf2 Nh5 12. Ne2 exf4 13. Nxf4 Nxf4 14. Bxf4 Be6 15. 0-0 0-0 16. Bh6 d5 17. Rae1 f6 18. exd5 Bxd5 19. Ne4 b6 20. a3 Rc8 21. Bf4 Bxe4 22. Bxe4 Qd7 23. Qg2 Ne5 24. Rd1 Rfd8 25. d4 cxd4 26. Rxd4 Qe7 27. Bb7 Rb8 28. Bd5+ Kh8 29. g4 Rbc8 30. Kh1 h6 31. h3 Rf8 32. Be4 f5 33. gxf5 gxf5 34. Bd5 Nd7 35. Rdd1 Nf6 36. Rfe1 Ne4 37. Bxe4 fxe4 38. Bd6 Qf7 39. Bxf8 Rxf8 40. Rxe4 Qf5 41. Rde1 1-0

[Event "Velez Rapid op 10th"]
[Site "Velez Santander"]
[Date "2023.11.06"]
[Round "7"]
[White "Cifuentes, John Jairo"]
[Black "Pachon Gutierrez, Adriana Paola"]
[Result "1-0"]
[WhiteElo "2115"]
[BlackElo "2032"]
[PlyCount "67"]
[EventDate "2023.11.06"]
[EventType "swiss (rapid)"]
[EventRounds "10"]
[EventCountry "COL"]
[SourceTitle "Mega2024 Update 01"]
[Source "Chessbase"]
[SourceDate "2023.11.12"]
[SourceVersion "1"]
[SourceVersionDate "2023.11.12"]
[SourceQuality "1"]

1. e4 e5 2. Nf3 Nc6 3. Bc4 Bc5 4. d3 Nf6 5. h3 d6 6. c3 Be6 7. Bb3 0-0 8. 0-0 h6 9. Be3 Bb6 10. Nbd2 Ne7 11. d4 Bxb3 12. Qxb3 Ng6 13. a4 a5 14. Qc2 Qe7 15. Rfe1 Ra6 16. Nc4 exd4 17. Bxd4 Bxd4 18. Nxd4 Ne5 19. Nf5 Qe6 20. Nxe5 Qxe5 21. Re3 Re8 22. Rae1 Kh7 23. f4 Qxf4 24. e5 Rxe5 25. Nxd6+ g6 26. Rxe5 Rxd6 27. R5e2 Nh5 28. Rf2 Qc4 29. Re7 Rf6 30. Rxf6 Nxf6 31. Qe2 Qc5+ 32. Qe3 Qc4 33. Qd4 Qxd4+ 34. cxd4 1-0

[Event "Velez Rapid op 10th"]
[Site "Velez Santander"]
[Date "2023.11.06"]
[Round "8"]
[White "Rubiano Suarez, Carlos Alberto"]
[Black "Cifuentes, John Jairo"]
[Result "1/2-1/2"]
[WhiteElo "1813"]
[BlackElo "2115"]
[PlyCount "131"]
[EventDate "2023.11.06"]
[EventType "swiss (rapid)"]
[EventRounds "10"]
[EventCountry "COL"]
[SourceTitle "Mega2024 Update 01"]
[Source "Chessbase"]
[SourceDate "2023.11.12"]
[SourceVersion "1"]
[SourceVersionDate "2023.11.12"]
[SourceQuality "1"]

1. d4 d5 2. Bf4 Nf6 3. e3 c5 4. c3 Nc6 5. Nf3 Qb6 6. Na3 a6 7. Qb3 Qxb3 8. axb3 cxd4 9. exd4 Nh5 10. Be3 e6 11. Be2 Nf6 12. Bf4 Be7 13. h3 0-0 14. 0-0 Bd7 15. Ne5 Nxe5 16. Bxe5 Ne4 17. Rfd1 Rac8 18. Nb1 Bd6 19. Nd2 Bxe5 20. dxe5 Nc5 21. b4 Na4 22. Rdb1 Ra8 23. Bd1 Nb6 24. Nb3 Nc4 25. Nc5 Bc6 26. Nd3 Rad8 27. Bc2 d4 28. Rd1 Be4 29. b3 Bxd3 30. Rxd3 Nxe5 31. Rxd4 Rxd4 32. cxd4 Nc6 33. Be4 Nxb4 34. Bxb7 g6 35. Ra4 Nc2 36. Bxa6 Rd8 37. Kh2 Nxd4 38. b4 Rb8 39. b5 e5 40. Rb4 Kf8 41. f4 f6 42. fxe5 fxe5 43. Kg1 Rb6 44. Rc4 Ke7 45. Rc7+ Kf6 46. Rxh7 Nxb5 47. Bxb5 Rxb5 48. Kf2 Rb2+ 49. Kf3 Rb3+ 50. Kf2 Kf5 51. Rf7+ Ke4 52. Rf6 g5 53. Rf3 Rb2+ 54. Kg3 Rd2 55. Ra3 Rd3+ 56. Rxd3 Kxd3 57. Kf2 Kd2 58. Kf3 Kd3 59. Kf2 e4 60. Ke1 Ke3 61. g3 Kf3 62. h4 Kg4 63. hxg5 Kxg5 64. Ke2 Kg4 65. Ke3 Kxg3 66. Kxe4 1/2-1/2

[Event "Medellin de La Raza op"]
[Site "Medellin"]
[Date "2023.10.16"]
[Round "10"]
[White "Cifuentes, John Jairo"]
[Black "Chavez Duero, Brayan Steven"]
[Result "0-1"]
[WhiteElo "2160"]
[BlackElo "1975"]
[PlyCount "48"]
[EventDate "2023.10.12"]
[EventType "swiss"]
[EventRounds "10"]
[EventCountry "COL"]
[SourceTitle "Mega2024 Update 01"]
[Source "Chessbase"]
[SourceDate "2023.11.12"]
[SourceVersion "1"]
[SourceVersionDate "2023.11.12"]
[SourceQuality "1"]

1. e4 c5 2. Nc3 g6 3. d4 cxd4 4. Qxd4 Nf6 5. Be3 Bg7 6. f3 0-0 7. Qd2 d6 8. 0-0-0 Nc6 9. Nge2 Qa5 10. h4 h5 11. Bh6 Bd7 12. Bxg7 Kxg7 13. Kb1 Rfc8 14. Nc1 Ne5 15. Nb3 Qc7 16. Qg5 a5 17. Nd4 a4 18. a3 Ra5 19. Qd2 Rc5 20. Rc1 Qa5 21. f4 Neg4 22. Rh3 Rxc3 23. Rxc3 Nxe4 24. Ne6+ Kh6 0-1

[Event "Medellin de La Raza op"]
[Site "Medellin"]
[Date "2023.10.15"]
[Round "7"]
[White "Zapata Montoya, Andres Geronimo"]
[Black "Cifuentes, John Jairo"]
[Result "1-0"]
[WhiteElo "2092"]
[BlackElo "2160"]
[PlyCount "95"]
[EventDate "2023.10.12"]
[EventType "swiss"]
[EventRounds "10"]
[EventCountry "COL"]
[SourceTitle "Mega2024 Update 01"]
[Source "Chessbase"]
[SourceDate "2023.11.12"]
[SourceVersion "1"]
[SourceVersionDate "2023.11.12"]
[SourceQuality "1"]

1. e4 c5 2. Nf3 d6 3. d4 cxd4 4. Nxd4 Nf6 5. Nc3 a6 6. h3 e5 7. Nb3 h5 8. Bg5 Be6 9. Qd2 Nbd7 10. 0-0-0 Be7 11. f4 Qc7 12. f5 Bc4 13. Bxc4 Qxc4 14. Rhe1 h4 15. Kb1 b5 16. a3 Rc8 17. Bxf6 Nxf6 18. Qd3 Qxd3 19. Rxd3 Rh5 20. a4 b4 21. Nd5 Nxd5 22. Rxd5 Rg5 23. Re2 f6 24. Nd2 Kf7 25. Nf3 Rh5 26. Re3 Rc5 27. Red3 g6 28. fxg6+ Kxg6 29. Rxc5 dxc5 30. Rd7 Kf7 31. Ra7 Rh8 32. Rxa6 c4 33. Rc6 Ra8 34. Rxc4 Ra7 35. a5 Rxa5 36. Nxh4 Ra7 37. Nf5 Bf8 38. Rc8 Rd7 39. Kc1 Ra7 40. Kd2 Ra1 41. Ke2 Rg1 42. Kf2 Rd1 43. b3 Rd2+ 44. Kf3 Rd7 45. h4 Bd6 46. h5 Bc7 47. Rh8 Ke6 48. h6 1-0

[Event "Medellin de La Raza op"]
[Site "Medellin"]
[Date "2023.10.14"]
[Round "5"]
[White "Narvaez, Zamir Alexis"]
[Black "Cifuentes, John Jairo"]
[Result "1-0"]
[WhiteElo "2017"]
[BlackElo "2160"]
[PlyCount "42"]
[EventDate "2023.10.12"]
[EventType "swiss"]
[EventRounds "10"]
[EventCountry "COL"]
[SourceTitle "Mega2024 Update 01"]
[Source "Chessbase"]
[SourceDate "2023.11.12"]
[SourceVersion "1"]
[SourceVersionDate "2023.11.12"]
[SourceQuality "1"]

1. e4 c5 2. Nf3 d6 3. d4 cxd4 4. Nxd4 Nf6 5. Nc3 a6 6. h3 h5 7. Bg5 Nbd7 8. Bc4 Qa5 9. Qd2 Ne5 10. Bb3 e6 11. f4 Nc6 12. Nf3 Be7 13. 0-0-0 b5 14. Rhe1 Qc7 15. e5 dxe5 16. fxe5 Nd7 17. Bxe7 Nxe7 18. Ne4 0-0 19. Qg5 Ng6 20. Qxh5 Ndxe5 21. Neg5 b4 1-0

[Event "Medellin de La Raza op"]
[Site "Medellin"]
[Date "2023.10.13"]
[Round "3"]
[White "Cordoba Roa, Angel Gabriel"]
[Black "Cifuentes, John Jairo"]
[Result "1-0"]
[WhiteElo "2285"]
[BlackElo "2160"]
[PlyCount "135"]
[EventDate "2023.10.12"]
[EventType "swiss"]
[EventRounds "10"]
[EventCountry "COL"]
[SourceTitle "Mega2024 Update 01"]
[Source "Chessbase"]
[SourceDate "2023.11.12"]
[SourceVersion "1"]
[SourceVersionDate "2023.11.12"]
[SourceQuality "1"]

1. e4 c5 2. Nf3 d6 3. d4 cxd4 4. Nxd4 Nf6 5. Nc3 a6 6. Bg5 e6 7. f4 h6 8. Bh4 Qb6 9. a3 Be7 10. Bf2 Qc7 11. Qf3 Nbd7 12. 0-0-0 b5 13. g4 g5 14. h4 Rg8 15. Be2 gxf4 16. Rhg1 d5 17. exd5 Ne5 18. Qh3 exd5 19. Nf5 Bxf5 20. gxf5 Rxg1 21. Bxg1 0-0-0 22. a4 Bc5 23. Qh1 f3 24. Bxf3 Bxg1 25. Rxg1 d4 26. Nd5 Nxd5 27. Bxd5 bxa4 28. Kb1 Kb8 29. Qe4 Qd6 30. Ba2 Ka7 31. Re1 f6 32. Rg1 Rd7 33. Rg8 Rd8 34. Rxd8 Qxd8 35. Bd5 Qb6 36. Qg2 a3 37. Qg7+ Kb8 38. Qf8+ Kc7 39. Qxa3 Qd6 40. Qb3 Qb6 41. Qg3 Qd6 42. Be4 Nd7 43. Qb3 Nc5 44. Qc4 Kb6 45. Bd5 a5 46. Qxd4 Qe7 47. c3 Kc7 48. Qc4 Kd6 49. Bf3 Qe5 50. Qg4 Nb3 51. Bd1 Qe4+ 52. Qxe4 Nd2+ 53. Kc2 Nxe4 54. Kb3 Ke5 55. Ka4 Nd2 56. Be2 Kxf5 57. Kxa5 Ke5 58. b4 f5 59. b5 Kd6 60. b6 Nb3+ 61. Ka6 Nc5+ 62. Ka7 Nd7 63. Bb5 Nc5 64. b7 Nxb7 65. Kxb7 Kc5 66. Bf1 f4 67. Kc7 f3 68. Kd7 1-0

[Event "COL-ch"]
[Site "Cartagena"]
[Date "2023.06.10"]
[Round "5"]
[White "Torres Cueto, Jesus Marcial"]
[Black "Cifuentes, John Jairo"]
[Result "1/2-1/2"]
[WhiteElo "2108"]
[BlackElo "2186"]
[PlyCount "205"]
[EventDate "2023.06.08"]
[EventType "swiss"]
[EventRounds "9"]
[EventCountry "COL"]
[SourceTitle "CBM 215 Extra"]
[Source "ChessBase"]
[SourceDate "2023.09.30"]
[SourceVersion "1"]
[SourceVersionDate "2023.09.30"]
[SourceQuality "1"]

1. d4 d5 2. c4 e6 3. Nc3 Be7 4. cxd5 exd5 5. Qc2 c6 6. Bf4 Nd7 7. e3 Nf8 8. Bd3 Ne6 9. Bg3 Nf6 10. Nge2 g6 11. h3 0-0 12. 0-0 b6 13. a4 c5 14. dxc5 bxc5 15. Rfd1 Qa5 16. Bb5 Bb7 17. Nc1 a6 18. Nb3 Qb6 19. a5 Qa7 20. Bf1 Bc6 21. Na4 Bxa4 22. Rxa4 Rfd8 23. Be5 Qb7 24. g4 Nd7 25. Bg3 c4 26. Nd2 Ndc5 27. Ra2 Nb3 28. Bg2 Qb5 29. Nb1 Bf6 30. Nc3 Bxc3 31. Qxc3 d4 32. exd4 Nexd4 33. Re1 Rac8 34. Kh2 Re8 35. Re3 Rxe3 36. fxe3 Ne2 37. Qe5 Qxe5 38. Bxe5 Re8 39. Bc7 Rxe3 40. Bb6 Rd3 41. Ra4 Nd2 42. Rb4 Nf4 43. Bc5 h5 44. Rb8+ Kg7 45. gxh5 gxh5 46. Rb6 h4 47. Bf2 Rb3 48. Rxa6 Nf3+ 49. Bxf3 Rxb2 50. Kg1 Nxh3+ 51. Kg2 Nxf2 52. Rb6 c3 53. Rc6 Nd3+ 54. Kh3 c2 55. a6 Nb4 56. Rc4 Nxa6 57. Be4 Nb4 58. Kxh4 Kf6 59. Kg4 Ke5 60. Kg5 f6+ 61. Kg6 Ke6 62. Bf5+ Ke5 63. Be4 Ra2 64. Bf5 Kd5 65. Rc3 Ke5 66. Rc5+ Kd6 67. Rc3 Ke7 68. Rc7+ Kd6 69. Rc3 Ke5 70. Rc5+ Nd5 71. Bxc2 Rb2 72. Kh5 Kd4 73. Rc8 Ne3 74. Ba4 Rg2 75. Bc6 Rg5+ 76. Kh4 Nf5+ 77. Kh3 Ke3 78. Bb7 Nd6 79. Rc3+ Kf4 80. Rf3+ Ke5 81. Bc6 f5 82. Rg3 Rh5+ 83. Kg2 Ne4 84. Ra3 Rh6 85. Ba8 Rg6+ 86. Kf1 Kf4 87. Bxe4 fxe4 88. Ra8 Kf3 89. Ra3+ Kf4 90. Ra8 Rb6 91. Rh8 Ke3 92. Rh3+ Kd2 93. Rh2+ Kd1 94. Ra2 Rf6+ 95. Kg2 Rd6 96. Kf1 Rf6+ 97. Kg2 Rc6 98. Kf2 Rc3 99. Rb2 Rf3+ 100. Kg2 Rd3 101. Kf1 Kc1 102. Re2 e3 103. Kg2 1/2-1/2

[Event "COL-ch"]
[Site "Cartagena"]
[Date "2023.06.09"]
[Round "3"]
[White "Cifuentes, John Jairo"]
[Black "Ortiz Lopera, Miguel Angel"]
[Result "1-0"]
[WhiteElo "2186"]
[BlackElo "1774"]
[PlyCount "70"]
[EventDate "2023.06.08"]
[EventType "swiss"]
[EventRounds "9"]
[EventCountry "COL"]
[SourceTitle "CBM 215 Extra"]
[Source "ChessBase"]
[SourceDate "2023.09.30"]
[SourceVersion "1"]
[SourceVersionDate "2023.09.30"]
[SourceQuality "1"]

1. e4 e5 2. Nf3 Nc6 3. Bc4 Bc5 4. d3 Nf6 5. c3 d6 6. h3 a5 7. 0-0 Ba7 8. Na3 Be6 9. Bxe6 fxe6 10. Qb3 Qd7 11. Be3 0-0 12. Bxa7 Rxa7 13. Ng5 d5 14. exd5 exd5 15. f4 h6 16. fxe5 Nxe5 17. Ne4 Nxd3 18. Nxf6+ Rxf6 19. Rxf6 gxf6 20. Qc2 Ne5 21. Rf1 Ra6 22. Qd2 Kg7 23. Nc2 Nc4 24. Qc1 Qe7 25. b3 Nd6 26. Ne3 Qe4 27. Qd2 Nf7 28. Nf5+ Kh7 29. Ng3 Qg6 30. Nf5 Re6 31. Qxd5 Re2 32. Nh4 Re5 33. Nf5 Kh8 34. Qd7 Qg5 35. Ne7 Qg7 1-0

[Event "COL-ch"]
[Site "Cartagena"]
[Date "2023.06.08"]
[Round "1"]
[White "Herrera Jimenez, Mateo"]
[Black "Cifuentes, John Jairo"]
[Result "1/2-1/2"]
[WhiteElo "1344"]
[BlackElo "2186"]
[PlyCount "101"]
[EventDate "2023.06.08"]
[EventType "swiss"]
[EventRounds "9"]
[EventCountry "COL"]
[SourceTitle "CBM 215 Extra"]
[Source "ChessBase"]
[SourceDate "2023.09.30"]
[SourceVersion "1"]
[SourceVersionDate "2023.09.30"]
[SourceQuality "1"]

1. d4 Nf6 2. c4 e6 3. Nc3 c5 4. d5 exd5 5. cxd5 d6 6. e4 g6 7. Nf3 Bg7 8. h3 0-0 9. Bf4 b5 10. Bxb5 Nxe4 11. Nxe4 Qa5+ 12. Qd2 Qxb5 13. Nxd6 Qxb2 14. Qxb2 Bxb2 15. Rb1 Bc3+ 16. Bd2 Bxd2+ 17. Kxd2 Na6 18. Nxc8 Raxc8 19. Kc3 Rfd8 20. Rhd1 Nc7 21. Kc4 Na8 22. Kb5 Rd6 23. Ne5 Nb6 24. Nc6 Nxd5 25. Rxd5 Rdxc6 26. Rbd1 Kg7 27. Rd6 R6c7 28. Kc4 Rb7 29. a3 Re7 30. Rd7 Re4+ 31. Kb5 Re2 32. R1d2 Re5 33. Rxa7 c4+ 34. Kb4 c3 35. Rc2 Re1 36. a4 Rb1+ 37. Ka3 h5 38. Ka2 Rb4 39. Ka3 Rf4 40. f3 Rd4 41. Kb3 Rdc4 42. Rb7 h4 43. Rb4 R4c7 44. Rxh4 Rb8+ 45. Rb4 Rbc8 46. a5 Rc5 47. a6 Ra8 48. Ra4 Rc6 49. a7 Rc7 50. Rxc3 Rcxa7 51. Rxa7 1/2-1/2

[Event "COL-chT Blitz"]
[Site "Santander"]
[Date "2022.10.09"]
[Round "9.1"]
[White "Cifuentes, John Jairo"]
[Black "Sanchez, Sebastian Felipe"]
[Result "1-0"]
[WhiteElo "2243"]
[BlackElo "2381"]
[PlyCount "84"]
[EventDate "2022.09.10"]
[EventType "team-swiss (blitz)"]
[EventRounds "9"]
[EventCountry "COL"]
[SourceTitle "EXT 2023"]
[Source "ChessBase"]
[SourceDate "2022.10.05"]
[SourceVersion "1"]
[SourceVersionDate "2022.10.05"]
[SourceQuality "1"]
[WhiteTeam "Cundinamarca II"]
[BlackTeam "Bolivar"]
[WhiteTeamCountry "COL"]
[BlackTeamCountry "COL"]

1. e4 c5 2. Nf3 Nc6 3. d4 cxd4 4. Nxd4 e6 5. Be2 Nf6 6. Nc3 Qc7 7. 0-0 a6 8. Be3 Be7 9. Kh1 0-0 10. f4 d6 11. Bd3 Re8 12. Qf3 Bd7 13. Rae1 b5 14. a3 Rac8 15. Qg3 Kh8 16. Nxc6 Bxc6 17. e5 Nh5 18. Qh3 g6 19. Bd4 Kg8 20. f5 dxe5 21. fxg6 hxg6 22. Bxg6 fxg6 23. Qxe6+ Kh7 24. Rf7+ Ng7 25. Bxe5 Bd6 26. Qh3+ Kg8 27. Rxc7 Bxc7 28. Qg3 Bxe5 29. Rxe5 Rf8 30. h3 Rf6 31. Re7 Rcf8 32. Qe5 Nf5 33. Re6 Ng3+ 34. Kh2 Nf1+ 35. Kg1 Kg7 36. Rxf6 Rxf6 37. Qc7+ Kh6 38. Qe5 Kg7 39. b4 Nd2 40. Qc7+ Kh6 41. Qd8 Rf2 42. Kh2 Kh5 1-0

[Event "COL-chT Blitz"]
[Site "Santander"]
[Date "2022.09.10"]
[Round "6.1"]
[White "Cifuentes, John Jairo"]
[Black "Peinado Rincon, Giovanny Alfredo"]
[Result "0-1"]
[WhiteElo "2243"]
[BlackElo "2130"]
[PlyCount "61"]
[EventDate "2022.09.10"]
[EventType "team-swiss (blitz)"]
[EventRounds "9"]
[EventCountry "COL"]
[SourceTitle "EXT 2023"]
[Source "ChessBase"]
[SourceDate "2022.10.05"]
[SourceVersion "1"]
[SourceVersionDate "2022.10.05"]
[SourceQuality "1"]
[WhiteTeam "Cundinamarca II"]
[BlackTeam "Santander"]
[WhiteTeamCountry "COL"]
[BlackTeamCountry "COL"]

1. e4 e6 2. d4 d5 3. Nc3 Nf6 4. Bg5 Bb4 5. exd5 exd5 6. Bd3 0-0 7. Nge2 h6 8. Bh4 Nc6 9. Qd2 Be7 10. 0-0-0 Nb4 11. f3 c6 12. Kb1 Re8 13. g4 Nxd3 14. Qxd3 Nh7 15. Bg3 b5 16. Nf4 a5 17. Nh5 a4 18. Be5 Bf8 19. Ne2 b4 20. Neg3 c5 21. Rhe1 c4 22. Qd2 c3 23. Qf4 cxb2 24. Bxg7 Rxe1 25. Rxe1 Bxg7 26. Nxg7 Kxg7 27. Nh5+ Kg6 28. Re5 Be6 29. Kxb2 a3+ 30. Kb1 Qh4 31. c3 0-1

[Event "COL-chT"]
[Site "Bucaramanga"]
[Date "2022.09.08"]
[Round "4.1"]
[White "Mateus Urbano, Luis Alejandro"]
[Black "Cifuentes, John Jairo"]
[Result "0-1"]
[WhiteElo "2312"]
[BlackElo "2187"]
[PlyCount "86"]
[EventDate "2022.09.06"]
[EventType "team-swiss"]
[EventRounds "7"]
[EventCountry "COL"]
[SourceTitle "CBM 210 Extra"]
[Source "ChessBase"]
[SourceDate "2022.11.30"]
[SourceVersion "1"]
[SourceVersionDate "2022.11.30"]
[SourceQuality "1"]
[WhiteTeam "Valle"]
[BlackTeam "Cundinamarca II"]
[WhiteTeamCountry "COL"]
[BlackTeamCountry "COL"]

1. e4 c5 2. Nf3 d6 3. d4 cxd4 4. Nxd4 Nf6 5. Nc3 a6 6. Bg5 e6 7. f4 h6 8. Bh4 Qb6 9. Qd2 Nbd7 10. 0-0-0 Qc7 11. Be2 Be7 12. Nf3 b5 13. e5 dxe5 14. fxe5 b4 15. Na4 Ne4 16. Qd4 g5 17. Qxe4 Bb7 18. Qg4 Rc8 19. Bd3 gxh4 20. Qg7 Rf8 21. Nd4 Qxe5 22. Nxe6 Qxe6 23. Rhe1 Qf6 24. Qh7 Rh8 25. Qf5 Qxf5 26. Bxf5 Rc7 27. Rd4 Rg8 28. Rxb4 Rg5 29. Bh3 Ne5 30. Rd4 f6 31. Nc3 Bxg2 32. Nd5 Bxd5 33. Rxd5 Nf3 34. Red1 Rxd5 35. Rxd5 Rc5 36. Rd3 Nxh2 37. b4 Rg5 38. Rd4 Nf3 39. Rc4 Rg3 40. Be6 h3 41. Bxh3 Rxh3 42. a4 Rh1+ 43. Kb2 Rb1+ 0-1

[Event "COL-ch Blitz"]
[Site "Villavicencio"]
[Date "2021.11.15"]
[Round "10"]
[White "Arenas Vanegas, David"]
[Black "Cifuentes, John Jairo"]
[Result "1/2-1/2"]
[WhiteElo "2385"]
[BlackElo "2206"]
[PlyCount "81"]
[EventDate "2021.11.15"]
[EventType "swiss (blitz)"]
[EventRounds "13"]
[EventCountry "COL"]
[SourceTitle "CBM 205 Extra"]
[Source "ChessBase"]
[SourceDate "2022.01.31"]
[SourceVersion "1"]
[SourceVersionDate "2022.01.31"]
[SourceQuality "1"]

1. g3 Nf6 2. Bg2 d5 3. Nf3 e6 4. 0-0 Be7 5. d3 0-0 6. Nbd2 c5 7. e4 Nc6 8. Re1 dxe4 9. dxe4 b6 10. c3 Bb7 11. Qe2 Qc7 12. Nc4 Ba6 13. Bf4 e5 14. Bg5 h6 15. Bxf6 Bxf6 16. Bf1 Rad8 17. Qc2 Bxc4 18. Bxc4 Rd6 19. Nd2 Rfd8 20. Nf1 h5 21. h4 Be7 22. Rad1 Rg6 23. Rxd8+ Nxd8 24. Kh2 Bxh4 25. gxh4 Qe7 26. Ng3 Qxh4+ 27. Kg2 Qf6 28. Kh3 h4 29. Nf5 Ne6 30. Kh2 Qg5 31. f3 Qf4+ 32. Kh1 Qxf3+ 33. Kh2 Qf4+ 34. Kh1 Qf3+ 35. Kh2 Qf4+ 36. Kh1 Qf3+ 37. Kh2 Nf4 38. Bf1 Rg3 39. Bc4 Rg6 40. Bf1 Qg4 41. Qf2 1/2-1/2

[Event "COL-ch Blitz"]
[Site "Villavicencio"]
[Date "2021.11.15"]
[Round "9"]
[White "Cifuentes, John Jairo"]
[Black "Echavarria, Johann"]
[Result "0-1"]
[WhiteElo "2206"]
[BlackElo "2288"]
[PlyCount "72"]
[EventDate "2021.11.15"]
[EventType "swiss (blitz)"]
[EventRounds "13"]
[EventCountry "COL"]
[SourceTitle "CBM 205 Extra"]
[Source "ChessBase"]
[SourceDate "2022.01.31"]
[SourceVersion "1"]
[SourceVersionDate "2022.01.31"]
[SourceQuality "1"]

1. e4 c5 2. Nf3 Nc6 3. Nc3 e6 4. b3 Nf6 5. Be2 d5 6. exd5 exd5 7. d4 cxd4 8. Nxd4 Bb4 9. Qd3 Ne4 10. Bd2 Nxd2 11. Kxd2 0-0 12. a3 Ba5 13. Nxc6 bxc6 14. Kc1 Qf6 15. Kb2 Qxf2 16. Raf1 Qh4 17. g3 Qh6 18. Rf4 Bc7 19. Rf2 Be5 20. Ka2 Be6 21. Rhf1 g6 22. Na4 Bh3 23. Re1 Bf5 24. Qd1 Qg7 25. Bd3 Bxd3 26. Qxd3 h5 27. Rfe2 Bf6 28. Nc5 Bc3 29. Rf1 Rfe8 30. Ref2 Re7 31. Rf3 Bd4 32. Na4 Rae8 33. b4 Be5 34. Nc5 Bd4 35. Qb3 Re1 36. Rxe1 Rxe1 0-1